Les chansons de Nono la Grinta - Mort subite - Statistiques

Statistiques générales
  • Ce quiz a été pris 193 fois
  • Le résultat moyen est 5 sur 10
Answers on the Grid
Answers color-coded by a green-red scale on the quiz's grid according to % correct below.
Paris
LOVE YOU
Terrain
Restaurant
LA QUOI ?
Délit
Audrey Kelly
J'tavais dit
STÉPHANIE
3x filtré
Marseille
LOVE ME
Carré
Bistrot
LA GRINT
Infraction
Chloé Kelly
J'ai dit
MARYLINE
4x filtré
 
Statistiques - réponses
Réponse % Correct
LOVE YOU
79%
Paris
67%
LA QUOI ?
65%
Terrain
49%
J'tavais dit
40%
Restaurant
37%
Audrey Kelly
32%
Délit
32%
STÉPHANIE
29%
3x filtré
26%
Aucun quiz correspondant
Distribution des résultats
% des personnes avec chaque résultat
Percentile par nombre de réponses
Votre historique - résultats
Vous n’avez pas pris ce quiz